Fiestas y costumbres de américa /
Guardado en:
| Autor Principal: | |
|---|---|
| Formato: | Libro |
| Publicado: |
Buenos Aires :
Poseidon,
1954
|
| Materias: | |
| Etiquetas: |
Agregar Etiqueta
Sin Etiquetas, Sea el primero en etiquetar este registro!
|
| LEADER | 00512nam a22001815a 4500 | ||
|---|---|---|---|
| 001 | CEM.cems001739 | ||
| 005 | 20060214000000.0 | ||
| 008 | 130507s1954##################000#0#####d | ||
| 003 | CEMS | ||
| 082 | 0 | 4 | |a 390.980 |
| 100 | 1 | |a Coluccio, Félix | |
| 245 | 1 | 0 | |a Fiestas y costumbres de américa / |
| 260 | |a Buenos Aires : |b Poseidon, |c 1954 | ||
| 300 | |a 127 p. | ||
| 653 | |a Carnaval americano | ||
| 653 | |a Folclore americano | ||
| 653 | |a Folclore argentino | ||
| 859 | |a CEMS |b BIB. CEMS - 11 de abril |h 390.980 |i C723 |p 5455.76 |t Ej.1 | ||
